| 000 | 00664 a2200169 4500 | ||
|---|---|---|---|
| 020 | _a0124110312 | ||
| 020 | _a9780124110311 | ||
| 082 | _a517.38 | ||
| 090 |
_c1566 _d1566 |
||
| 100 | _aLakshmikantham, V. | ||
| 245 | 1 | 0 |
_aDifferential and integral inequalities; theory and applications volume ii : _bfunctional, partial, abstract, and complex differential equations / _cV. Lakshmikantham. |
| 260 |
_a[S.l.] : _bAcademic Press, _c1969. |
||
| 300 |
_a334 p. ; _c23 cm. |
||
| 700 | 1 | _aLakshmikantham, V. | |
| 942 |
_aSNS _cBK _k517.38 LAK |
||
| 999 |
_c30176 _d30176 |
||